00593nam a2200193Ii 450000100060000000300090000600800410001502000150005604000330007104100080010408200230011211000760013524500520021126400430026330000120030633600260031833700280034433800270037213447CO-ViMGA241108s9999||||xx |||||||||||||| ||und|| a9589612229 aCO-ViMGAbspaerdacCO-ViMGA0 aspa04aF.FC 342.86 - S35s2 aSeminario Internacional Constitucionalismo Participación y Democracia10aConstitucionalismo Participación y Democracia 1aBogotá, Colombia : Uniboyacá, 1997 avolumen atextbtxt2rdacontent aunmediatedbn2rdamedia avolumebnc2rdacarrier